01485nam a22003017a 450000500170000000800400001702000180005710000300007524501010010525000530020630000620025949000220032152002320034352100450057565000470062065000490066765000270071665000310074365000350077470000320080983001460084126400610098733600270104833700330107533800280110804000350113608400120117120220316235803.0140918b2013 mx a|| g||| 00| 0 1pspa  a97895870594271 aRosales, Ana Paulad1970-10aArriba y abajocversión del texto e imágenes Ana Paula Rosales ; fotografía Luis García  aEdición especial para el Ministerio de Cultura a[25] páginas sin enumerarbfotografías a colorc12 cm aLeer es mi cuento aUna ratita pasea por los callejones con sus veinte ratones. Descubre en este libro de rayas rojas y puntos blancos cómo es cada uno de sus pequeños. Una experiencia divertida, de arriba arriba abajo, para primeros lectores. aRecomendado para niños de 0 a 2 años142LEMBaPoesía infantil mexicanaySiglo XX142LEMBaLiteratura infantil mexicanaySiglo XX142LEMBaRimas infantiles142LEMBaCanciones infantiles142LEMBaRatones en la literatura1 aGarcía, Luisefotógrafo aColección para la Primera Infancia del Ministerio de Cultura, Plan Nacional de Lectura y Escritura Leer es mi cuento, Primera Infancia 2013 aMéxicoaBogotábSM Ediciones S.AbPanamericanac2013 atextobtxt2rdacontent asin mediaciónbn2rdamedia avolumenbnc2rdacarrier aCO-BoRNBPbspaerdacCO-BoRNBP aP ROS12